| Tag |
First Indicator |
Second Indicator |
Subfields |
| LEADER |
00000cam a2200000Ii 4500 |
| 001 |
in00004013413 |
| 005 |
20180820165022.0 |
| 007 |
he bmb024bbca |
| 008 |
100830s1984 dcuabf bb f000 0 eng d |
| 035 |
|
|
|a (OCoLC)ocn659524798
|
| 040 |
|
|
|a NDS
|b eng
|e rda
|c NDS
|d OCLCF
|d OCLCQ
|d TXA
|
| 035 |
|
|
|a (OCoLC)659524798
|
| 043 |
|
|
|a n-us-nd
|
| 050 |
|
4 |
|a GB1399.2
|
| 074 |
|
|
|a 0594-C-34 (microfiche)
|
| 086 |
0 |
|
|a FEM 1.209:380267/2
|
| 049 |
|
|
|a TXAM
|
| 245 |
0 |
0 |
|a Flood insurance study.
|p Township of Wiser, North Dakota, Cass County.
|
| 246 |
3 |
0 |
|a Township of Wiser, North Dakota, Cass County
|
| 264 |
|
1 |
|a [Washington, D.C.] :
|b Federal Emergency Management Agency,
|c [1984]
|
| 300 |
|
|
|a ii, 17 pages, 2 folded leaves of plates :
|b illustrations, 1 map ;
|c 28 cm
|
| 336 |
|
|
|a text
|b txt
|2 rdacontent
|
| 337 |
|
|
|a microform
|b h
|2 rdamedia
|
| 338 |
|
|
|a microfiche
|b he
|2 rdacarrier
|
| 500 |
|
|
|a Title from cover.
|
| 500 |
|
|
|a Location map on cover.
|
| 500 |
|
|
|a "June 18, 1984."
|
| 500 |
|
|
|a "Community number - 380267."
|
| 504 |
|
|
|a Includes bibliographical references.
|
| 533 |
|
|
|a Microfiche.
|b [Washington, D.C.] :
|c United States Government Printing Office,
|d [1984].
|e 1 microfiche : negative.
|7 s1984 dcun b
|
| 650 |
|
0 |
|a Flood forecasting
|z North Dakota
|z Wiser.
|
| 650 |
|
0 |
|a Flood insurance
|z North Dakota
|z Wiser.
|
| 650 |
|
0 |
|a Flood insurance
|z North Dakota
|z Cass County.
|
| 650 |
|
7 |
|a Flood insurance.
|2 fast
|0 (OCoLC)fst01715819
|
| 651 |
|
7 |
|a North Dakota
|z Cass County.
|2 fast
|0 (OCoLC)fst01234907
|
| 655 |
|
7 |
|a Technical reports.
|2 lcgft
|
| 710 |
1 |
|
|a United States.
|b Federal Emergency Management Agency,
|e issuing body.
|
| 776 |
0 |
8 |
|i Print version:
|t Flood insurance study. Township of Wiser, North Dakota, Cass County
|w (OCoLC)11357188
|
| 856 |
4 |
1 |
|z Available online at HathiTrust:
|u http://hdl.handle.net/2027/txa.ark:/81423/m3pf4x
|t 0
|
| 994 |
|
|
|a C0
|b TXA
|
| 949 |
|
|
|a updated
|b h
|c 2018/8/20
|e coplinger
|f 4:50:17 pm
|
| 999 |
f |
f |
|s 22a00aab-e745-3196-b240-fab09d7bb1c9
|i 6f9be05a-dc06-3526-95b7-7efc60aa1a68
|t 0
|
| 952 |
f |
f |
|a Texas A&M University
|b College Station
|c Electronic Resources
|d Available Online
|t 0
|e FEM 1.209:380267/2
|g Electronic
|h Superintendent of Documents classification
|
| 998 |
f |
f |
|a FEM 1.209:380267/2
|t 0
|l Available Online
|